Effective planning in the enterprise
Návrh na efektívne plánovanie v podniku. Proces plánovania podnikateľských aktivít. Riadenie podnikateľských projektov a aktivít. Špecifiká plánovania v manažmente, ako aj plánovanie podnikateľského projektu v spoločnosti.
Saved in:
| Main Author: | |
|---|---|
| Other Authors: | |
| Format: | Book Chapter |
| Language: | English |
| Subjects: | |
| Tags: |
No Tags, Be the first to tag this record!
|
MARC
| LEADER | 00000nla a2200000 4500 | ||
|---|---|---|---|
| 001 | 0230420 | ||
| 005 | 20240417075118.6 | ||
| 041 | 0 | |a eng | |
| 044 | |a SK | ||
| 245 | 1 | 0 | |a Effective planning in the enterprise |c Štefan Hittmár, Jozef Šarlay |
| 520 | |a Návrh na efektívne plánovanie v podniku. Proces plánovania podnikateľských aktivít. Riadenie podnikateľských projektov a aktivít. Špecifiká plánovania v manažmente, ako aj plánovanie podnikateľského projektu v spoločnosti. | ||
| 610 | 2 | 0 | |a plánovanie podnikové |
| 610 | 2 | 0 | |a plánovanie projektové |
| 610 | 2 | 0 | |a riadenie optimálne |
| 610 | 2 | 0 | |a riadenie podnikové |
| 610 | 2 | 0 | |a riadenie strategické |
| 610 | 2 | 0 | |a podnik |
| 100 | 1 | |a Hittmár, Štefan | |
| 700 | 1 | |a Šarlay, Jozef | |